000 00889nam a2200277 i 4500
001 000006583
003 DO-SdBNP
005 20260120073950.0
007 ta
008 090901s1992 dr 000 0 spa d
040 _aDO-SdBNP
_bspa
_cBNPHU
_erda
082 4 _a242.2
_bM475m
_222
100 1 _aMaza Miquel, Manuel P.,
_d1945-
_918273
_eautor
245 1 0 _aMeditaciones para amar y servir /
_cManuel P. Maza Miquel.
264 _aSanto Domingo :
_bAmigo del Hogar,
_c1992.
300 _a96 páginas ;
_c22 cm.
336 _2rdacontent
_atexto
_btxt
337 _2rdamedia
_asin mediación
_bn
338 _2rdacarrier
_avolumen
_bnc
500 _aIncluye datos biográficos del autor en la solapa de la cubierta
590 _aInventariado, 2018/BT
650 0 _aMeditaciones
_95988
650 0 _aVida espiritual
_9268
910 _aValidado. Control de calidad. MFF
942 _2ddc
_cLBS1
999 _c6374
_d6374